000 00869nam a2200241Ia 4500
003 GCL
008 140319s9999 xx 000 0 ara d
040 _aGCL /
_cGCL
082 0 4 _a953.071
_bع ا
100 1 _aعصمت عبداللطيف دندش
245 1 0 _aالاندلس فى نهاية المرابطين ومستهل الموحدين عصر الطوائف الثانى تاريخ سياسى وحضارة /
_cعصمت عبداللطيف دندش
260 _a[S.N] :
_bدار الغرب الاسلامى ،
_c1988
300 _a524 ص
490 _a
650 0 4 _aالاندلس
650 0 4 _aالتاريخ الاسلامى
650 0 4 _aالمرابطون
650 0 4 _aانتشار الاسلام
650 0 4 _aالموحدون
650 0 4 _aالتاريخ الاجتماعى
650 0 4 _aالحضارة الاسلامية
942 _2ddc
_cBK
999 _c32417
_d32417